000 02843cam a22004934i 4500
003 PE-LiUPU
005 20250731173053.0
008 180130s2009 en rb 000 0 eng d
020 _a9789004174924
035 _a(Sirsi) a241449
040 _aPE-LiUPU
_bspa
_cPE-LiUPU
_erda
049 _aPRUA
082 0 4 _a227.0609031
_bC7
_222
245 0 2 _aA companion to Paul in the Reformation /
_cedited by R. Ward Holder.
264 _aLeiden :
_bBrill,
_c2009.
300 _a655 páginas ;
_c25 centímetros.
336 _atext
_2rdacontent
337 _aunmediated
_2rdamedia
338 _avolume
_2rdacarrier
490 0 _aBrill´s companions to the Christian tradition ;
_ v15
504 _aBibliografía : páginas 607-638.
504 _aÍndice :páginas 639-655.
505 _aInvitation and a challenge -- Paul and the late middle ages -- Desiderius Erasmus´Representation of Paul as Paragon of learned piety -- Jacques Lefevre dÉtaples: A humanist or a reformist view of Paul and his theology? -- Martin Luther´s reception of Paul -- The Rhetorical Paul: Philip Melanchthon´s interpretation of the pauline epistles -- Brenz and Paul -- God´s select vessel and chosen instrument: The interpretation of Paul in late reformation Lutheran theologians -- Paul in early anabaptism -- Bullinger and Paul -- Calvin´s reception of Paul -- The reception of Paul in heidelberg: The pauline commentaries of Caspar Olevianus -- Johann von Staupitz under Pauline inspiration -- Cajetan on Paul -- Thamas Stapleton and the Louvain Augustinian school´s reception of Paul -- Antonio del Corro and Paul as the apostle of the gospel of Universal redemption -- Versions of Paul -- Honor and subjection in the Lord: Paul and the family in the reformation -- Rules proved by exceptions: The exegesis of Paul and women in the sixteenth century -- Paul and the care of the poor during the sixteenth century: A case study -- Robbing Paul to pay Peter: The reception of Paul in sixteenth century political theology -- Selected bibliography -- Primary sources -- Secondary sources -- Indices -- Biblical index -- Index of names -- Index of selected topics.
526 _aSEG42
526 _aSEG41
526 _aSEG40
526 _aSEG39
526 _aP94
526 _aP87
526 _aP86
526 _aP85
526 _aP77
526 _aP76
526 _aP35
650 _aReformas.
650 0 4 _aReforms.
700 1 _aHolder, R. Ward,
_eeditor.
910 _adbm
_bwmm
_cwmm
_d20180307
942 _2ddc
_cBOOK
994 _aC0
_bPEPRU
596 _a1
999 _a227.0609031 C7
_wDEWEY
_c27076
_i78359
_f2021-11-9
_g3
_lCCODEBUL1
_mBUL
_p36.00
_r0
_sY
_tBOOK
_u2018-3-7
_xTEOLOGIA
_PP35
_0COMPRA
_o.STAFF. Colección Teología
_d27076
980 _81
_gALBERTO SANCHEZ Responsable de Automatización